Matica trhovej orientácie firmy
Miera trhovej orientácie firmy v desaťstupňovej škále (hodnota H 1 až 10). Jednotlivé body hodnotenia miery trhovej orientácie firmy. Výsledkom analýzy firmy by mala byť matica, v ktorej si firma nájde svoju pozíciu.
Enregistré dans:
| Auteur principal: | |
|---|---|
| Format: | Chapitre de livre |
| Langue: | slovaque |
| Sujets: | |
| Tags: |
Pas de tags, Soyez le premier à ajouter un tag!
|
MARC
| LEADER | 00000naa a2200000 4500 | ||
|---|---|---|---|
| 001 | r022299 | ||
| 005 | 20230922083921.3 | ||
| 041 | 0 | |a slo | |
| 044 | |a CZ | ||
| 245 | 1 | 0 | |a Matica trhovej orientácie firmy |c J. Ďaďo |
| 520 | |a Miera trhovej orientácie firmy v desaťstupňovej škále (hodnota H 1 až 10). Jednotlivé body hodnotenia miery trhovej orientácie firmy. Výsledkom analýzy firmy by mala byť matica, v ktorej si firma nájde svoju pozíciu. | ||
| 610 | 2 | 0 | |a firmy |
| 610 | 2 | 0 | |a stratégia podniková |
| 610 | 2 | 0 | |a konkurencia |
| 610 | 2 | 0 | |a zákazníci |
| 610 | 2 | 0 | |a trh |
| 610 | 2 | 0 | |a výrobky nové |
| 610 | 2 | 0 | |a organizácia podniku |
| 610 | 2 | 0 | |a matice |
| 100 | 1 | |a Ďaďo, J. | |